|
|
|
|
| LEADER |
00928nam a2200253 a 4500 |
| 001 |
11897170 |
| 003 |
BD-DhAAL |
| 008 |
091020s1997 bg 000 0 eng d |
| 010 |
|
|
|a \\\99945441
|
| 040 |
|
|
|a DLC
|c DLC
|d DLC
|d BD-DhAAL
|
| 082 |
0 |
0 |
|a 342.549202
|2 21
|
| 100 |
2 |
|
|a Shamsul Huda, A. K. M.
|9 29776
|
| 245 |
1 |
4 |
|a The constitution of Bangladesh /
|c A.K.M. Shamsul Huda.
|
| 260 |
|
|
|a Chittagong :
|b Rita Court,
|c 1997.
|
| 300 |
|
|
|a xx, 555-1037 pages ;
|c 23 cm
|
| 362 |
0 |
|
|a Vol. 2
|
| 504 |
|
|
|a Includes index.
|
| 520 |
|
|
|a On the constitution of Bangladesh; includes original articles.
|
| 541 |
1 |
|
|e 00010154
|
| 650 |
|
0 |
|a Constitutional law
|z Bangladesh.
|9 29777
|
| 852 |
4 |
|
|a Ayesha Abed Library
|j General shelf
|
| 942 |
|
|
|2 ddc
|c BK
|
| 999 |
|
|
|c 7489
|d 7489
|
| 952 |
|
|
|0 0
|1 0
|2 ddc
|4 0
|6 342_549202000000000_SHA_1997
|7 0
|9 8057
|a BRACUL
|b BRACUL
|c GEN
|d 2010-02-14
|l 16
|m 139
|o 342.549202 SHA
|p 3010010154
|r 2026-03-04
|s 2026-02-03
|t 1
|w 2010-02-14
|y BK
|